LEADER 01576nam a2200325 a 4500 001 000000104668 003 CaOOAMICUS 005 20070423104649.0 008 070423s2005 be 001 0 eng d 020 $a90-429-1640-0 (Peters Leuven) 040 $aPUG$bita$dPUL$dLDA 041 0 $aeng$ager 245 00$aMetaphor in the Hebrew Bible /$cedited by P. van Hecke. 260 $aLeuven :$bUniversity Press :$bPeeters,$c2005$aLeuven ;$aParis ;$aDudley (MA) :$bUitgeverij Peeters 300 $ax, 308, 9 p. ;$c24 cm 490 1 $aBibliotheca Ephemeridum theologicarum Lovaniensium ;$v187 500 $aContributi in inglese e tedesco 504 $aContiene riferimenti bibliografici e indici 650 14$aTeologia$xCollezioni.$0(OLS)http://pul/subject/3726 650 14$aGiudaismo$xTesti.$0(OLS)http://pul/subject/26452 650 4$aErmeneutica biblica.$0(OLS)http://pul/subject/33239 700 1 $aHecke, Pierre van.$0(OLS)http://pul/name/64276 830 0$aBibliotheca Ephemeridum theologicarum Lovaniensium ;$v187.$0(OLS)http://pul/title/1445 850 $aPUL 852 $aPUL$W1$xSL Religione 1$y3$m17 A 187$j117223$qStampati$B117187$CPULBib$Z2$F117187 $H102121 $82 941 1 $a8 996 $6020$a90-429-1640-0 (Peters Leuven)$9(OLS)http://pul/number/134085 996 $6245$aMetaphor in the Hebrew Bible$9(OLS)http://pul/title/131651 996 $6260$aLeuven :$bUniversity Press :$bPeeters$9(OLS)http://pul/publisher/49269 996 $6260$aLeuven ;$aParis ;$aDudley (MA) :$bUitgeverij Peeters$9(OLS)http://pul/publisher/79034 LEADER 01256nam a2200313 a 4500 001 000000149891 003 CaOOAMICUS 005 20160301125552.0 008 160301s1972 it u000 u ita r 032 $aLibriCat 040 $aPUL$bita 041 1 $aita$hger 100 1 $aAlbrecht, Barbara.$0(OLS)http://pul/name/47443 240 10$aNachfolge Jesu Christi mitten in dieser Welt.$lItaliano.$0(OLS)http://pul/title/188938 245 10$aSeguire Cristo oggi /$cBarbara Albrecht, Hans Urs von Balthasar. 260 $aAssisi :$bCittadella,$c1972. 300 $a94 p. ;$c19 cm. 490 1 $aSpiritualitą del nostro tempo 650 4$aCristologia.$0(OLS)http://pul/subject/1402 700 1 $aBalthasar, Hans Urs von,$ccardinale,$d1905-1988.$0(OLS)http://pul/name/1429 830 0$aSpiritualitą del nostro tempo.$0(OLS)http://pul/title/79153 850 $aPUL 852 $aPUL$W1$xDP1 Fondo Bordoni$y120$m3 K 3$j167499$qFondi$B174309$CPULBib$Z2$F174309 $HBor1534 $81 941 1 $a1 960 $aIesus Christus$91402 960 $aIesus Christus$91402 996 $6245$aSeguire Cristo oggi$9(OLS)http://pul/title/188939 996 $6260$aAssisi :$bCittadella$9(OLS)http://pul/publisher/49668